000 00655nam a2200181Ia 4500
008 100917s9999 xx 000 0 und d
082 _b36211
100 _aरहाळकर कृ. के.
245 _aसागर परींच्या कथा (आ. 3 री)
260 _bअरगडे, कुलकर्णी प्रकाशन
_c1978
300 _a64
365 _b3
520 _aबालविभाग
630 _aसागर परींच्या कथा (आ. 3 री)
650 _aबालविभाग
730 _aसागर परींच्या कथा (आ. 3 री)
942 _cBOOK
999 _c641605
_d641602